00611nam a2200193Ia 4500008004100000020001500041082001400056100001800070245006100088250000700149260003200156300003000188500000700218600003300225650001600258942000700274952012100281999001500402240925s9999 xx 000 0 und d a089871026x a511.5 ROB aRobert, F .S 0aGraph Theory and its Applications to Problems of Society aNA aPhiladelphia:bSIAMc,1977. axxvi,870p.bNAfPhotocopy aNA aHumanities & Natural Science aMathematics cBK 001040708HUMaUITUbUITUd2005-09-21eAmazon.comg26.00l0o511.5 ROBpQ6397r2024-09-25 07:14:13w2024-09-25yBK c8896d8896